LEADER 01201nam--2200397---450- 001 990000454010203316 005 20050509112745.0 010 $a88-215-2325-X 035 $a0045401 035 $aUSA010045401 035 $a(ALEPH)000045401USA01 035 $a0045401 100 $a20010518d1991----km-y0itay0103----ba 101 $aita 102 $aIT 105 $a||||||||001yy 200 1 $a<> riforma ospedaliera$eregole e documenti$fs. Camillo de Lellis$ga cura di Domenico Casera 210 $aCinisello Balsamo$cEdizioni paoline$d1991 215 $a129 p.$d21 cm 225 2 $aStoria della chiesa$iFonti$v4 410 $12001$aStoria della chiesa$iFonti$v4 461 1$1001-------$12001 676 $a248.86 700 1$aCamillo: De Lellis $0545160 702 1$aCASERA,$bDomenico 801 0$aIT$bsalbc$gISBD 912 $a990000454010203316 951 $aII 2 1234(XIV 282)$b109576 LM$cXIV 959 $aBK 969 $aUMA 979 $aPATTY$b90$c20010518$lUSA01$h1149 979 $c20020403$lUSA01$h1654 979 $aPATRY$b90$c20040406$lUSA01$h1631 979 $aCOPAT6$b90$c20050509$lUSA01$h1127 996 $aRiforma ospedaliera$9889921 997 $aUNISA LEADER 00932nam a2200265 i 4500 001 991000078849707536 005 20020506121706.0 008 980702s1993 it ||| | ita 020 $a8870002195 035 $ab10649955-39ule_inst 035 $aEXGIL139070$9ExL 040 $aDip.to Filol. Ling. e Lett.$bita 100 1 $aBriosi, Sandro$0132854 245 13$aIl simbolo e il segno /$cSandro Briosi 260 $aModena :$c1993 300 $a159 p. ;$c19 cm 650 4$aSegno 650 4$aSimbolo 907 $a.b10649955$b23-10-07$c28-06-02 912 $a991000078849707536 945 $aLE008 LLI IV D 156$g1$i2008000280154$lle008$o-$pE0.00$q-$rl$s- $t0$u2$v2$w2$x0$y.i10739397$z28-06-02 945 $aLE008 CR Q I 11$g1$i2008000254100$lle008$o-$pE0.00$q-$rl$s- $t0$u0$v0$w0$x0$y.i14586885$z23-10-07 996 $aSimbolo e il segno$9915414 997 $aUNISALENTO 998 $ale008$b01-01-98$cm$da $e-$fita$git $h3$i1